000 00778nam a2200241 i 4500
001 bg
003 BPK
005 20191004093555.0
008 980910s1980 pl a |001 0 pol d
015 _aPB 249/81
020 _a8301021586
040 _aWA N
_cBPK
080 _a1(091)
100 1 _aLegowicz, Jan
_d(1909-1992)
_eAutor
999 _c53910
_d53910
999 _bzb
_bzlasto
245 1 0 _aHistoria filozofii ƛredniowiecznej Europy Zachodniej /
_cJan Legowicz.
260 _aWarszawa :
_bPaƄstwowe Wydawnictwo Naukowe.
_c1980.
300 _a637, [2] s. :
_berr. ;
_c21 cm.
500 _aIndeks.
650 4 _aFilozofia
_xhistoria
_zEuropa Zachodnia
_y5-15 w.
942 _2udc
_cKS
856 _uhttp://koha.tu.koszalin.pl/cgi-bin/koha/opac-detail.pl?biblionumber=53910
_yKatalog online BPK